[Event "GER-chT U20"]
[Site "Osnabrueck"]
[Date "2015.12.28"]
[Round "4.6"]
[White "Pacius, Max"]
[Black "Sommer, Jan"]
[Result "0-1"]
[WhiteElo "1190"]
[BlackElo "1610"]
[PlyCount "66"]
[EventDate "2015.12.27"]
[EventType "team-swiss"]
[EventRounds "7"]
[EventCountry "GER"]
[SourceTitle "EXT 2017"]
[Source "ChessBase"]
[SourceDate "2016.10.25"]
[SourceVersion "1"]
[SourceVersionDate "2016.10.25"]
[SourceQuality "1"]
[WhiteTeam "Eppingen"]
[BlackTeam "Erfurt Empor"]
[WhiteTeamCountry "GER"]
[BlackTeamCountry "GER"]

1. e4 e5 2. Nf3 Nc6 3. Bb5 a6 4. Ba4 Nf6 5. 0-0 d6 6. Re1 Be7 7. d4 b5 8. Bb3 Bg4 9. dxe5 dxe5 10. Nbd2 Nd4 11. Bxf7+ Kxf7 12. Nxe5+ Kf8 13. Nxg4 Nxg4 14. Qxg4 Nxc2 15. Qf3+ Ke8 16. Qh5+ g6 17. Qe5 Kf7 18. Re3 Nxe3 19. Qf4+ Kg7 20. Qxe3 Re8 21. Nf3 Qd1+ 22. Qe1 Qxe1+ 23. Nxe1 Bb4 24. Nf3 Rxe4 25. Be3 Rd8 26. Kf1 h6 27. Rc1 Rc4 28. Rb1 Bc5 29. Bxc5 Rxc5 30. Ke2 Rc2+ 31. Ke3 Re8+ 32. Kd3 Rxf2 33. Rc1 Ree2 0-1

[Event "GER-chT U20"]
[Site "Osnabrueck"]
[Date "2015.12.27"]
[Round "2.6"]
[White "Herter, Leonhard"]
[Black "Sommer, Jan"]
[Result "0-1"]
[WhiteElo "1260"]
[BlackElo "1610"]
[PlyCount "64"]
[EventDate "2015.12.27"]
[EventType "team-swiss"]
[EventRounds "7"]
[EventCountry "GER"]
[SourceTitle "EXT 2017"]
[Source "ChessBase"]
[SourceDate "2016.10.25"]
[SourceVersion "1"]
[SourceVersionDate "2016.10.25"]
[SourceQuality "1"]
[WhiteTeam "Forchheim"]
[BlackTeam "Erfurt Empor"]
[WhiteTeamCountry "GER"]
[BlackTeamCountry "GER"]

1. e4 e5 2. Nf3 Nc6 3. Bc4 Bc5 4. c3 Nf6 5. d4 exd4 6. cxd4 Bb4+ 7. Bd2 Bxd2+ 8. Nfxd2 Nxd4 9. 0-0 b5 10. e5 bxc4 11. exf6 Qxf6 12. Re1+ Ne6 13. Nc3 0-0 14. Nxc4 d6 15. Nd5 Qd8 16. Nb4 Bb7 17. Na5 Bxg2 18. Qg4 Bh3 19. Qxh3 Qg5+ 20. Qg3 Qxa5 21. Nc6 Qg5 22. Qxg5 Nxg5 23. Re7 Ne6 24. f4 Rfe8 25. f5 Rxe7 26. Nxe7+ Kf8 27. Rc1 Kxe7 28. fxe6 fxe6 29. Rxc7+ Kf6 30. Kf2 a5 31. a4 Rb8 32. Rc2 Rb4 0-1

[Event "GER-chT U14"]
[Site "Magdeburg"]
[Date "2012.12.29"]
[Round "6.3"]
[White "Sommer, Jan"]
[Black "Hurm, Marius"]
[Result "1/2-1/2"]
[WhiteElo "1478"]
[BlackElo "1400"]
[PlyCount "107"]
[EventDate "2012.12.27"]
[EventType "team-swiss"]
[EventRounds "7"]
[EventCountry "GER"]
[SourceTitle "EXT 2014"]
[Source "ChessBase"]
[SourceDate "2013.11.20"]
[SourceVersion "1"]
[SourceVersionDate "2013.11.20"]
[SourceQuality "1"]
[WhiteTeam "Erfurt Empor"]
[BlackTeam "Hohentuebingen"]
[WhiteTeamCountry "GER"]
[BlackTeamCountry "GER"]

1. e4 e5 2. Nf3 Nc6 3. Bc4 Bc5 4. c3 Nf6 5. d3 d6 6. Nbd2 0-0 7. h3 Re8 8. Nf1 Be6 9. Bb3 d5 10. Ng3 dxe4 11. Nxe4 Nxe4 12. dxe4 Qxd1+ 13. Bxd1 Rad8 14. 0-0 f6 15. Bc2 Rd6 16. a4 a5 17. Bd2 Red8 18. Rfd1 Bc4 19. Be1 Rxd1 20. Rxd1 Rxd1 21. Bxd1 Kf7 22. Nd2 Be6 23. Nb3 Bd6 24. Nd2 Ne7 25. Bb3 Bxb3 26. Nxb3 b6 27. Bd2 Ng6 28. g3 Nf8 29. Be3 Nd7 30. Kf1 Ke6 31. Ke2 Ke7 32. Kd3 c6 33. Kc4 Ke6 34. Nd2 Bc5 35. Nf1 Bxe3 36. Nxe3 Nc5 37. f3 Nxa4 38. b4 axb4 39. cxb4 g6 40. b5 cxb5+ 41. Kxb5 Nc3+ 42. Kxb6 Ne2 43. Nf1 Ng1 44. Nh2 Nxh3 45. Kc5 Ng1 46. Kc4 Ne2 47. g4 Nd4 48. Kd3 f5 49. exf5+ gxf5 50. f4 fxg4 51. Nxg4 exf4 52. Kxd4 Kf5 53. Nh6+ Kg5 54. Ke4 1/2-1/2

[Event "DESC F0015 email"]
[Site "DESC email"]
[Date "2002.05.01"]
[Round "1"]
[White "Krammer, Werner"]
[Black "Sommer, Jan"]
[Result "1/2-1/2"]
[WhiteElo "2033"]
[BlackElo "2042"]
[PlyCount "45"]
[EventDate "2002.??.??"]
[EventType "tourn (corr)"]
[EventRounds "14"]
[EventCountry "GER"]
[SourceTitle "Corr 2004"]
[Source "ChessBase"]
[SourceDate "2003.04.28"]
[SourceVersion "3"]
[SourceVersionDate "2003.04.28"]
[SourceQuality "1"]

1. d4 d5 2. c4 e5 3. dxe5 d4 4. Nf3 Nc6 5. g3 Be6 6. Nbd2 Qd7 7. Bg2 0-0-0 8. 0-0 h5 9. Qa4 Kb8 10. b4 Nxb4 11. Qb3 d3 12. e3 h4 13. Nxh4 Bh3 14. Bxh3 Qxh3 15. Ba3 a5 16. Bxb4 axb4 17. a3 Rxh4 18. gxh4 Nh6 19. f3 Bc5 20. axb4 Bxe3+ 21. Kh1 Nf5 22. Ne4 c6 23. Qa2 1/2-1/2

[Event "DESC F0015 email"]
[Site "DESC email"]
[Date "2002.05.01"]
[Round "1"]
[White "Sommer, Jan"]
[Black "Riepe, Bernhard"]
[Result "0-1"]
[WhiteElo "2042"]
[BlackElo "1990"]
[PlyCount "74"]
[EventDate "2002.??.??"]
[EventType "tourn (corr)"]
[EventRounds "14"]
[EventCountry "GER"]
[SourceTitle "Corr 2004"]
[Source "ChessBase"]
[SourceDate "2003.04.28"]
[SourceVersion "3"]
[SourceVersionDate "2003.04.28"]
[SourceQuality "1"]

1. d4 Nf6 2. c4 e6 3. Nf3 c5 4. g3 cxd4 5. Nxd4 d5 6. Bg2 e5 7. Nb5 a6 8. N5c3 d4 9. Nd5 Nbd7 10. 0-0 Bc5 11. Qc2 Nb6 12. Bg5 Nbxd5 13. cxd5 Be7 14. Bxf6 Bxf6 15. Rd1 0-0 16. Nd2 Bd7 17. Ne4 Rc8 18. Qb3 Bg4 19. f3 Bf5 20. Qxb7 Bg5 21. Nxg5 Qxg5 22. e4 dxe3 23. Qxa6 Rc2 24. Re1 Rfc8 25. Re2 h5 26. Rae1 Rd2 27. Rxe3 Rcc2 28. Qf1 h4 29. R3e2 hxg3 30. h3 Qf4 31. Kh1 Qh6 32. f4 Bg4 33. Rxd2 Rxd2 34. d6 exf4 35. Kg1 Qxd6 36. Re8+ Kh7 37. hxg4 Qb6+ 0-1

[Event "DESC SZ022 email"]
[Site "DESC email"]
[Date "2002.01.10"]
[Round "?"]
[White "Leisebein, Peter"]
[Black "Sommer, Jan"]
[Result "1-0"]
[WhiteElo "2197"]
[BlackElo "1797"]
[PlyCount "87"]
[EventDate "2002.??.??"]
[EventType "tourn (corr)"]
[EventRounds "12"]
[EventCountry "GER"]
[SourceTitle "Corr 2004"]
[Source "ChessBase"]
[SourceDate "2003.04.28"]
[SourceVersion "3"]
[SourceVersionDate "2003.04.28"]
[SourceQuality "1"]

1. d4 d5 2. e4 dxe4 3. Nc3 Nf6 4. f3 exf3 5. Nxf3 g6 6. Bc4 Bg7 7. 0-0 0-0 8. Qe1 Nc6 9. Qh4 Bg4 10. Ne2 Bxf3 11. Rxf3 Nh5 12. c3 Na5 13. Bd3 e5 14. Bg5 f6 15. Bd2 f5 16. Bg5 Bf6 17. Bxf6 Nxf6 18. dxe5 Ng4 19. Qg3 Nc6 20. Rff1 Ncxe5 21. Bc2 Qd2 22. Bb3+ Kh8 23. Nf4 Rfe8 24. Nd5 Rac8 25. h3 c6 26. hxg4 cxd5 27. gxf5 Qxb2 28. f6 Rxc3 29. Qf4 Rc6 30. Bxd5 Nd3 31. Qh4 Rc7 32. Rad1 g5 33. Qxg5 Qd4+ 34. Kh2 Qe5+ 35. Qxe5 Nxe5 36. Kh3 Rf8 37. g4 Rd7 38. Kh4 h6 39. Kh5 Rd6 40. g5 Rfd8 41. Bb3 Rxd1 42. Bxd1 hxg5 43. Bb3 g4 44. Rh1 1-0